| 000 | 00598 a2200169 4500 | ||
|---|---|---|---|
| 020 | _a0789706385 | ||
| 020 | _a9780789706386 | ||
| 090 |
_c3967 _d3967 |
||
| 100 | 1 | _aMcFedries, Paul. | |
| 245 | 1 | 4 |
_aThe complete idiot's guide to windows 95 / _cPaul McFedries. |
| 260 |
_a[S.l.] : _bQue Computer Publishing, _c1995. |
||
| 300 |
_a400 p. ; _c23 cm. |
||
| 500 | _aPaperback. | ||
| 856 | 4 | 0 |
_3Amazon.com _uhttp://www.amazon.com/exec/obidos/ASIN/0789706385/chopaconline-20 |
| 856 | 4 | 0 |
_3Amazon customer reviews _uhttp://www.chopac.org/cgi-bin/tools/azrev.pl?q=0789706385 |
| 942 |
_aNBS _cBK _k005.369 MCF |
||
| 999 |
_c346427 _d346427 |
||